Word origins : the romance of language

محفوظ في:

المؤلف الرئيسي: Hunt, Cecil.

التنسيق: كتاب

اللغة: Undetermined

منشور في: New York : Philosophical Library, 1962.

الموضوعات:

الوسوم: إضافة وسم

لا توجد وسوم, كن أول من يضع وسما على هذه التسجيلة!

رقم الطلب: (Ref.) PN43

LEADER 00561nam a2200157Ia 4500
008 220712s9999||||xx |||||||||||||| ||und||
050 4 |a (Ref.) PN43 
100 1 |a Hunt, Cecil. 
245 1 0 |a Word origins :  |b the romance of language 
264 1 |a New York :  |b Philosophical Library,  |c 1962. 
300 |a 176p. :  |b illus., ports ;  |c 19cm. 
555 4 |o (Ref.) PN43 
650 |a Biography Dictionaries. 
650 4 |a Literature Dictionaries. 
952 |0 0  |1 0  |2 lcc  |4 0  |7 1  |9 41869  |a ARCE  |b ARCE  |d 2022-07-21  |l 0  |o (Ref.) PN43  |p 1033980  |r 2022-07-21 00:00:00  |w 2022-07-21  |y BK 
999 |c 48848  |d 48848